Miejscowości woj. podkarpackiego, które straciły status miasta - Statystyki

Ogólne statystyki
  • Ten quiz został rozwiązany 34 razy
    33 od ostatniego zresetowania
  • Średni wynik to 10 z 42
Statystyki odpowiedzi
Pierwsza litera Strata praw miejskich Miejscowość Powiat % Poprawnych
B 1934 Baligród leski
63%
F 1935 Fredropol przemyski
57%
L 1919 Lutowiska bieszczadzki
53%
C 1919 Czudec strzyżowski
47%
D 1945 Domaradz brzozowski
43%
F 1932 Frysztak strzyżowski
43%
K 1919 Korczyna krośnieński
43%
O 1919 Osiek Jasielski jasielski
43%
K 1945 Krasiczyn przemyski
40%
N 1919 Nowy Żmigród jasielski
40%
D 1919 Dębowiec jasielski
37%
K 1945 Krzywcza przemyski
37%
N 1919 Niebylec strzyżowski
33%
B 1934 Bukowsko sanocki
30%
G/M 1945 Grodzisko-Miasteczko (Grodzisko Dolne) leżajski
27%
W 1935 Wielkie Oczy lubaczowski
27%
Z 1919 Zarszyn sanocki
27%
J 1918/1919 Jasienica Rosielna brzozowski
23%
W 1919 Wielopole Skrzyńskie ropczycko-sędziszowski
23%
G XIV wiek Gawłuszowice mielecki
20%
J 1934 Jaśliska krośnieński
20%
M 1824 Majdan Królewski kolbuszowski
20%
T 1945 Tyrawa Wołoska sanocki
20%
R 1935 Radomyśl nad Sanem stalowowolski
17%
Ż 1925 Żołynia łańcucki
17%
M 1919 Mrzygłód sanocki
13%
R 1973 Rozwadów (Stalowa Wola) stalowowolski
13%
B 1934 Babice przemyski
10%
J 1763 Jodłowa dębicki
10%
K 1869 Krzeszów niżański
10%
N 1946 Nowotaniec sanocki
10%
R 1919 Raniżów kolbuszowski
10%
K 1945 Kalwaria Pacławska przemyski
7%
J 1919 Jaćmierz sanocki
3%
P 1785 Płazów lubaczowski
3%
R XVIII wiek Robotycze przemyski
3%
R 1880 Rzochów (Mielec) mielecki
3%
S XVIII wiek Stanisławczyk przemyski
3%
K 1890 Kawęczyn (Dębica) dębicki
0%
L XVIII wiek Lipsko lubaczowski
0%
W 1772 Wola Michowa sanocki
0%
Z 1785 Zasów dębicki
0%
Nie znaleziono quizów pasujących do podanych kryteriów
Rozkład punktacji
Procent ludzi z każdym wynikiem
Percentyl według liczby udzielonych odpowiedzi
Twoja historia wyników
Nie rozwiązałeś tego quizu od ostatniego zresetowania